=LDR 00000nam 2200000 4500 =001 INLIS000000000019760 =005 20130612114806 =008 ***********************************Ind** =035 ##$$0010-061300000019760 =041 ##$$a Ind =082 ##$$a R.001.644 040 03 =090 ##$$a R.001.644 040 03, Sia k =100 ##$$a Siauw, Saen I =245 ##$$a Kamus istilah PC dan PS/2, penjelasan dengan keterangan gambar, Ir. Salu I Slauw =260 ##$$a 1988 $b Jakarta =300 ##$$a x, 341 hlm, ilus, 21 cm =650 ##$$a Komputer-Kamus =850 ##$$a NBPNMAT